[Event "39th Citta Arco Open 2017"]
[Site "Arco"]
[Date "2017.10.13"]
[Round "7.13"]
[White "De Santis, Alessio"]
[Black "Zucchelli, Massimo"]
[Result "1-0"]
[WhiteElo "2162"]
[BlackElo "2108"]
[Annotator "NA"]
[PlyCount "33"]
[EventDate "2017.??.??"]
[EventType "swiss"]
[EventCountry "ITA"]
[SourceTitle "playchess.com"]
[Source "ChessBase"]
[SourceQuality "1"]
[TimeControl "40/5400+30:1800+30"]

1. Nf3 {[%emt 0:09:30]} d5 {[%emt 0:02:00]} 2. c4 {[%emt 0:00:30]} e6 {[%emt 0:00:30]} 3. e3 {[%emt 0:00:30]} Nf6 {[%emt 0:04:30]} 4. b3 {[%emt 0:00:30]} Nbd7 {[%emt 0:02:30]} 5. Bb2 {[%emt 0:00:30]} Be7 {[%emt 0:03:30]} 6. Nc3 {[%emt 0:04:30]} c6 {[%emt 0:12:30]} 7. Qc2 {[%emt 0:04:30]} O-O {[%emt 0:04:30]} 8. d4 {[%emt 0:18:30]} b6 {[%emt 0:12:30]} 9. Bd3 {[%emt 0:04:30]} Bb7 {[%emt 0:01:30]} 10. Rd1 {[%emt 0:01:30]} Rc8 {[%emt 0:07:30]} 11. Ng5 {[%emt 0:04:30]} h6 {[%emt 0:00:30]} 12. h4 {[%emt 0:01:30]} e5 {[%emt 0:06:30]} 13. Bh7+ {[%emt 0:00:30]} Kh8 {[%emt 0:01:30]} 14. dxe5 {[%emt 0:00:30]} Nxe5 {[%emt 0:07:30]} 15. Bf5 {[%emt 0:01:30]} Ned7 {[%emt 0:06:30]} 16. Bxd7 {[%emt 0:00:30]} Nxd7 {[%emt 0:01:30]} 17. Qh7# {[%emt 0:00:30]} 1-0

[Event "39th Citta Arco Open 2017"]
[Site "Arco"]
[Date "2017.10.13"]
[Round "7.15"]
[White "Sprotte, Norbert"]
[Black "Voelker, Sebastian"]
[Result "1-0"]
[WhiteElo "2154"]
[BlackElo "2018"]
[Annotator "NA"]
[PlyCount "89"]
[EventDate "2017.??.??"]
[EventType "swiss"]
[EventCountry "ITA"]
[SourceTitle "playchess.com"]
[Source "ChessBase"]
[SourceQuality "1"]
[TimeControl "40/5400+30:1800+30"]

1. d4 {[%emt 0:00:30]} d5 {[%emt 0:01:00]} 2. Nf3 {[%emt 0:00:00]} Nf6 {[%emt 0:00:30]} 3. e3 {[%emt 0:01:00]} c6 {[%emt 0:02:30]} 4. c4 {[%emt 0:01:30]} Bf5 {[%emt 0:01:30]} 5. Qb3 {[%emt 0:04:30]} Qc7 {[%emt 0:11:30]} 6. Nc3 {[%emt 0:06:30]} e6 {[%emt 0:04:30]} 7. Nh4 {[%emt 0:04:30] D12: Damengambit (Slawische Verteidigung)} Bg6 {[%emt 0:07:30]} 8. Nxg6 {[%emt 0:04:30]} hxg6 {[%emt 0:01:30]} 9. g3 {[%emt 0:01:30]} Bd6 {[%emt 0:02:30]} 10. Bg2 {[%emt 0:04:30]} Nbd7 {[%emt 0:01:30]} 11. Bd2 {[%emt 0:04:30]} O-O {[%emt 0:02:30]} 12. O-O {[%emt 0:03:30]} Rac8 $146 {[%emt 0:02:30]} ({Vorgänger:} 12... a5 13. Rac1 Bb4 14. Rfd1 Nb6 15. c5 Nc4 {½-½ (35) De Souza,S (2593)-Almiron,L (2574) ICCF email 2008}) 13. Rac1 {[%emt 0:05:30]} Qb8 {[%emt 0:01:30]} 14. e4 {[%emt 0:06:30]} dxc4 {[%emt 0:05:30]} 15. Qxc4 {[%emt 0:00:30]} e5 {[%emt 0:01:30]} 16. dxe5 {[%emt 0:03:30]} Nxe5 {[%emt 0:03:30]} 17. Qe2 {[%emt 0:01:30]} b5 {[%emt 0:02:30]} 18. Bg5 {[%emt 0:02:30]} Rfe8 {[%emt 0:12:30]} 19. Rfd1 {[%emt 0:01:30]} Be7 {[%emt 0:13:30]} 20. h3 {[%emt 0:05:30]} b4 {[%emt 0:12:38]} 21. Na4 {[%emt 0:05:30]} Qb5 {[%emt 0:00:08]} 22. Qc2 {[%emt 0:01:30]} Nf3+ {[%emt 0:01:41]} 23. Bxf3 {[%emt 0:00:00]} Qxg5 {[%emt 0:00:05]} 24. b3 {[%emt 0:03:00]} Rc7 {[%emt 0:03:23]} 25. Bg2 {[%emt 0:04:30]} Bf8 {[%emt 0:01:32]} 26. Re1 {[%emt 0:02:30]} Qe5 {[%emt 0:00:15]} 27. f4 {[%emt 0:02:59]} Qd4+ {[%emt 0:00:48]} 28. Qf2 {[%emt 0:01:04]} Rd8 {[%emt 0:00:12]} 29. e5 {[%emt 0:05:24]} Nh5 {[%emt 0:01:16] [#]} 30. Re3 $1 {[%emt 0:03:42]} ({Worse is} 30. Rxc6 Rxc6 31. Bxc6 Nxg3 $15) 30... Be7 {[%emt 0:00:26] [#]} 31. Kh2 {[%emt 0:00:59]} ({Weaker is} 31. Bxc6 Rdc8 $11) ({White should play} 31. Rc4 $1 $18 {[%cal Rc4d4]} Qd2 32. Re2 (32. Bxc6 Rcc8 $16) (32. Rxc6 Qxf2+ 33. Kxf2 Rd2+ 34. Re2 Rxe2+ 35. Kxe2 Nxg3+ 36. Kf2 Rxc6 $14)) 31... g5 {[%emt 0:00:21]} 32. Rc4 {[%emt 0:01:52]} Qd1 {[%emt 0:00:40]} 33. Bf3 {[%emt 0:01:22]} gxf4 {[%emt 0:00:52]} 34. Bxd1 {[%emt 0:02:03]} fxg3+ {[%emt 0:01:23]} 35. Rxg3 {[%emt 0:00:17]} Nxg3 {[%emt 0:00:35]} 36. Kxg3 {[%emt 0:03:31]} Rxd1 {[%emt 0:00:29]} 37. Rd4 {[%emt 0:00:56]} Rd7 {[%emt 0:01:14]} 38. Rxd7 {[%emt 0:00:46]} Rxd7 {[%emt 0:00:14]} 39. Nb2 {[%emt 0:01:09]} c5 {[%emt 0:00:44]} 40. Nc4 {[%emt 0:00:44]} Rd4 {[%emt 0:30:25]} 41. Qf5 {[%emt 0:00:42]} Bh4+ {[%emt 0:00:00]} 42. Kf3 {[%emt 0:00:30]} g5 {[%emt 0:00:00]} 43. Qc8+ {[%emt 0:00:30]} Kg7 {[%emt 0:00:00]} 44. Qxc5 {[%emt 0:01:30]} Rf4+ $18 {[%emt 0:00:00]} 45. Ke2 {[%emt 0:01:30]} 1-0

[Event "39th Citta Arco Open 2017"]
[Site "Arco"]
[Date "2017.10.13"]
[Round "7.16"]
[White "Tonina, Filippo"]
[Black "Luciani, Carlo"]
[Result "1/2-1/2"]
[WhiteElo "2021"]
[BlackElo "2261"]
[Annotator "NA"]
[PlyCount "104"]
[EventDate "2017.??.??"]
[EventType "swiss"]
[EventCountry "ITA"]
[SourceTitle "playchess.com"]
[Source "ChessBase"]
[SourceQuality "1"]
[TimeControl "40/5400+30:1800+30"]

1. d4 {[%emt 0:06:30]} Nf6 {[%emt 0:01:00]} 2. c4 {[%emt 0:00:30]} g6 {[%emt 0:00:30]} 3. Nc3 {[%emt 0:03:30]} Bg7 {[%emt 0:00:30]} 4. e4 {[%emt 0:00:30]} d6 {[%emt 0:00:30]} 5. Nf3 {[%emt 0:00:00]} O-O {[%emt 0:00:00]} 6. Be2 {[%emt 0:00:00]} Nbd7 {[%emt 0:00:00]} 7. O-O {[%emt 0:00:30]} e5 {[%emt 0:00:30]} 8. Be3 {[%emt 0:00:30]} Re8 {[%emt 0:00:00]} 9. d5 {[%emt 0:04:30]} Ng4 {[%emt 0:00:00]} 10. Bg5 {[%emt 0:00:30] E94: King's Indian: Classical: 6 Be2 e5 7 0-0: Various Black 7th moves} f6 {[%emt 0:00:00]} 11. Bc1 {[%emt 0:00:00]} (11. Bh4) 11... Nh6 {[%emt 0:00:00]} 12. Ne1 {[%emt 0:01:00]} f5 {[%emt 0:04:30]} 13. f3 {[%emt 0:01:30] [#]} Nf6 $146 {[%emt 0:09:30]} ({Predecessor:} 13... f4 14. Rb1 Nf7 15. b4 h5 16. Nd3 g5 17. c5 Nf6 18. cxd6 cxd6 19. a4 g4 20. b5 Kh8 21. Nb2 Rg8 22. Nc4 Bf8 23. Kh1 Nh7 24. Ba3 g3 {0-1 (24) Gasiorowski,B (2134)-Mista,A (2553) Ostroda 2007}) 14. Be3 {[%emt 0:09:30]} fxe4 {[%emt 0:14:30]} 15. Nxe4 {[%emt 0:00:30]} Nf5 {[%emt 0:00:30]} 16. Bg5 {[%emt 0:01:30]} h6 {[%emt 0:09:30]} 17. Bxf6 {[%emt 0:01:30]} Bxf6 {[%emt 0:00:30]} 18. Nxf6+ {[%emt 0:01:30]} Qxf6 {[%emt 0:00:30]} 19. Qd2 {[%emt 0:00:30]} Nd4 {[%emt 0:05:30]} 20. Bd3 {[%emt 0:01:30]} Kg7 {[%emt 0:03:30]} 21. Nc2 {[%emt 0:01:30]} c5 {[%emt 0:01:30]} 22. Rae1 {[%emt 0:00:30]} Bf5 {[%emt 0:02:30]} 23. Be4 {[%emt 0:01:30]} a6 {[%emt 0:09:30]} 24. Qd3 {[%emt 0:07:30]} Rab8 {[%emt 0:02:30]} 25. a4 {[%emt 0:01:30]} Nxc2 {[%emt 0:08:30]} 26. Qxc2 {[%emt 0:00:30]} b5 {[%emt 0:00:30]} 27. axb5 {[%emt 0:00:30]} axb5 {[%emt 0:00:00]} 28. b3 {[%emt 0:00:30]} Re7 {[%emt 0:05:00]} 29. Ra1 {[%emt 0:01:30]} Reb7 {[%emt 0:03:30]} 30. Ra2 {[%emt 0:00:30]} Qg5 {[%emt 0:03:18]} 31. Qd2 {[%emt 0:25:30]} Qxd2 {[%emt 0:01:48]} 32. Rxd2 {[%emt 0:00:30]} Ra8 {[%emt 0:02:10]} 33. g4 {[%emt 0:01:30]} Bxe4 {[%emt 0:01:28]} 34. fxe4 {[%emt 0:00:00]} Ra3 {[%emt 0:00:18]} 35. Rdf2 {[%emt 0:01:00]} Rxb3 {[%emt 0:00:38]} 36. cxb5 {[%emt 0:00:30]} R3xb5 {[%emt 0:00:46]} 37. Rf6 {[%emt 0:00:00]} R5b6 {[%emt 0:00:28]} 38. h4 {[%emt 0:00:00]} c4 {[%emt 0:01:38]} 39. g5 {[%emt 0:02:30]} hxg5 {[%emt 0:02:40]} 40. hxg5 {[%emt 0:00:00]} c3 {[%emt 0:29:59]} 41. Rc1 {[%emt 0:30:00]} Rb1 {[%emt 0:00:25]} 42. Rff1 {[%emt 0:00:30]} Rxc1 {[%emt 0:08:09]} 43. Rxc1 {[%emt 0:00:30]} Rb4 {[%emt 0:00:16]} 44. Rxc3 {[%emt 0:00:30]} Rxe4 {[%emt 0:00:09]} 45. Rc6 {[%emt 0:01:30]} Rg4+ {[%emt 0:00:10]} 46. Kf2 {[%emt 0:00:00]} Rxg5 {[%emt 0:00:15]} 47. Rxd6 {[%emt 0:00:00]} Rf5+ {[%emt 0:00:00]} 48. Ke3 {[%emt 0:00:00]} Rf1 {[%emt 0:00:00]} 49. Re6 {[%emt 0:00:00]} Re1+ {[%emt 0:00:00]} 50. Kf2 {[%emt 0:00:00]} Re4 {[%emt 0:00:00]} 51. Kf3 {[%emt 0:00:00]} Re1 {[%emt 0:00:00]} 52. Kf2 $11 {[%emt 0:00:00]} Re4 {[%emt 0:00:00]} 1/2-1/2